[Event "Biel"]
[Site "26 FIDE Interzonal"]
[Date "1993.07.20"]
[Round "5"]
[White "Adams, Michael"]
[Black "Dvoirys, Semen"]
[Result "1-0"]
[WhiteElo "2630"]
[BlackElo "2590"]
[Annotator "JvR"]
[PlyCount "201"]
[EventDate "1993.07.??"]
[SourceDate "2013.10.27"]

1. b3 e5 2. Bb2 Nc6 3. e3 Nf6 4. c4 Be7 5. Nc3 O-O 6. Nf3 Re8 7. Nd5 $5 Bf8 8.
Be2 d6 9. O-O Nxd5 10. cxd5 Ne7 11. e4 Ng6 12. Bb5 Bd7 13. Bxd7 Qxd7 14. Rc1 c6
15. dxc6 bxc6 16. g3 d5 17. exd5 cxd5 18. d3 f6 19. Qe2 a5 20. a4 Rab8 21. Nd2
Bb4 22. Bc3 Bxc3 23. Rxc3 Nf8 24. Rfc1 Ne6 25. Qd1 Rec8 26. Rxc8+ Rxc8 27. Nf3
Qb7 28. Rxc8+ Qxc8 29. d4 e4 30. Nh4 g6 31. Ng2 Ng5 32. Nf4 Nf3+ 33. Kg2 Qc6
34. Ne2 Kf7 35. h4 g5 36. h5 Qc2 37. Qxc2 Ne1+ 38. Kh3 Nxc2 {
Black has a better knight ending.} 39. g4 Ke6 40. f4 $2 gxf4 $2 (40... exf3 {
wins at once.}) 41. Nxf4+ Kd6 {The chances are almost equal.} 42. Ne2 Ne1 43.
Kg3 Nd3 44. Kg2 Nb4 45. Kg3 Nc6 46. Kf4 Ke6 47. Ke3 Kf7 48. Ng3 Ne7 49. Kf4 Nc6
50. Ke3 Nb4 51. Kd2 Nd3 52. Nf5 Ke6 53. Ng7+ Kd7 54. Nf5 Nf2 55. Ne3 Kc6 56.
Ke2 Nd3 57. Kd2 Nf4 58. Nf5 Kd7 59. Ne3 Ke6 60. Nc2 Nd3 61. Ne3 Nf4 62. Kd1 Nd3
63. Kd2 Nb4 64. Nf5 Nc6 65. Ke3 Nd8 66. Kd2 Nf7 67. Ke3 Kd7 68. Kd2 Nd6 69. Ne3
Ke6 70. Ng2 $1 Nc8 71. Kc3 Na7 72. b4 $1 {White takes the initiative.} axb4+
73. Kxb4 Kd6 74. Nf4 Nc6+ 75. Kc3 Na5 76. Kd2 Nc6 77. Ke3 Nb4 78. Ne2 Nc6 79.
Kf4 Ke6 80. h6 Kf7 $5 81. Ke3 $1 Ke6 $6 ({Better is} 81... Nb4 82. a5 Kg6) 82.
Nf4+ Kd6 83. Ng6 $1 Nb4 84. Kd2 $5 Nc6 85. Ke3 Nb4 86. Nf8 $1 Nc2+ 87. Kf4 $2
Nxd4 $2 (87... e3 $1 88. Kf3 f5 89. gxf5 Nxd4+ 90. Kxe3 Nxf5+ 91. Kf4 Nxh6 {
draws.}) 88. a5 $1 Ke7 89. Nxh7 Ne6+ 90. Ke3 Nc5 $2 (90... Nc7 $1 91. Ng5 $5
Kf8 92. Nh3 Kf7 $1 {escapes.}) 91. Ng5 $1 {White wins elegantly.} Kf8 92. Kd4
Na6 93. Ne6+ Kg8 94. Kxd5 Nc7+ $5 ({Or} 94... e3 95. Nf4 Kh7 96. Ke6 {
and White wins.}) 95. Kxe4 Nxe6 96. Kf5 Nc5 97. Kxf6 {
White has three pawns for a knight.} Nd7+ 98. Kf5 Kh7 99. g5 Nc5 100. Kf6 Nd7+
101. Ke6 {Adams had won the endless fight.} 1-0

[Event "Biel"]
[Site "26 FIDE Interzonal"]
[Date "1993.07.20"]
[Round "5"]
[White "Pigusov, Evgeny"]
[Black "Salov, Valery"]
[Result "0-1"]
[WhiteElo "2585"]
[BlackElo "2685"]
[Annotator "JvR"]
[PlyCount "120"]
[EventDate "1993.07.??"]
[SourceDate "2013.10.27"]

1. Nf3 d5 2. g3 c6 3. Bg2 Bg4 4. b3 Nd7 5. Bb2 Ngf6 6. c4 e6 7. O-O Bd6 8. d3
O-O 9. Na3 Re8 10. Nc2 a5 11. a3 $5 Bh5 12. b4 Bf8 13. cxd5 cxd5 14. Qd2 Nb6 $5
15. bxa5 Na4 16. Rfb1 Nd7 $5 17. Bc3 $1 Nxc3 18. Qxc3 Qxa5 19. Qxa5 Rxa5 20.
Rxb7 Nc5 21. Rb4 $6 (21. Rb6 {keeps the equality.}) 21... Rc8 $1 22. g4 $2 ({
Correct is} 22. Nce1 $1 {(Salov).}) 22... Na6 $1 23. Rb2 Bxg4 24. h3 Bh5 25. d4
Bg6 26. Nfe1 Nc7 27. a4 Ne8 $5 28. e3 Nd6 29. Bf1 Rca8 30. Rba2 Ne4 31. Bd3 Rb8
32. Bxe4 Bxe4 33. Kf1 g5 34. Ke2 Bf5 35. Nf3 f6 36. h4 g4 37. Nfe1 Rb3 38. Ng2
Bd6 39. h5 Be4 40. Nge1 Kg7 41. f3 Bf5 42. fxg4 Bxg4+ 43. Kd2 Bxh5 {
Black has gained a pawn.} 44. Nd3 Bg6 45. Nc5 Bxc5 46. dxc5 e5 $1 47. Ra3 $1
Rb2 48. R1a2 Rxa2 49. Rxa2 Rxc5 50. Nb4 Rc4 51. Rb2 d4 52. exd4 Rxd4+ 53. Kc3
Be4 $1 54. a5 h5 55. Rh2 Kg6 56. a6 Kg5 57. a7 Rd7 58. Ra2 Ba8 59. Nd3 h4 60.
Nf2 Kf4 {Salov won by simple positional means.} 0-1

[Event "Biel"]
[Site "26 FIDE Interzonal"]
[Date "1993.07.20"]
[Round "5"]
[White "Yudasin, Leonid"]
[Black "Ehlvest, Jaan"]
[Result "1-0"]
[WhiteElo "2605"]
[BlackElo "2620"]
[Annotator "JvR"]
[PlyCount "79"]
[EventDate "1993.07.??"]
[SourceDate "2013.10.27"]

1. e4 Nf6 2. e5 Nd5 3. Nc3 Nxc3 4. bxc3 c5 $5 5. f4 Nc6 6. d4 d5 $1 7. Nf3 Bg4
8. Be2 e6 9. O-O Be7 10. h3 Bh5 $5 ({The alternative is} 10... Bxf3 11. Rxf3)
11. Rb1 Qc7 12. Be3 c4 13. g4 $5 Bg6 14. Ne1 f6 $6 ({Preferable is} 14... f5 $1
15. exf6 Bxf6 $1) 15. f5 $1 Bf7 16. exf6 gxf6 17. fxe6 Bxe6 18. Ng2 $1 O-O-O
19. Nf4 Bf7 20. Bf3 Qa5 21. Qd2 Kb8 22. Kh1 Ka8 23. Bf2 Rhe8 24. Bg2 a6 25. Bg3
$1 Rg8 26. Bh2 Rg5 $5 27. Rbe1 Rdg8 28. Bf3 $5 Ba3 $5 29. Ne6 R5g6 $6 ({
Better is} 29... Bxe6 30. Rxe6 Rf8) 30. Bc7 $1 b6 $2 (30... Qa4 31. Bxd5 {
(Ftacnik)} Ne7 {prolongs the game.}) 31. Qg2 $1 Ne7 32. Nd8 $1 Rxd8 33. Bxd8
Nc6 34. Bc7 Kb7 35. Bh2 h5 36. Qg3 b5 37. Qh4 Rg5 38. gxh5 Ne7 39. Qf4 Qd8 40.
Qxf6 {Yudasin outplayed his opponent.} 1-0

[Event "Biel"]
[Site "26 FIDE Interzonal"]
[Date "1993.07.21"]
[Round "6"]
[White "Kramnik, Vladimir"]
[Black "Speelman, Jonathan"]
[Result "1-0"]
[WhiteElo "2710"]
[BlackElo "2605"]
[Annotator "JvR"]
[PlyCount "107"]
[EventDate "1993.07.??"]
[SourceDate "2013.10.27"]

1. d4 d6 2. e4 Nf6 3. f3 e5 4. dxe5 dxe5 5. Qxd8+ Kxd8 6. Bc4 Ke8 7. Be3 Nbd7
8. Nd2 Bc5 9. Bg5 $5 h6 10. Bh4 Be7 $5 11. Bf2 Bc5 12. Nh3 Bxf2+ $5 13. Nxf2
Ke7 14. O-O-O {White has a plus in development.} Nc5 15. b4 Na4 16. Bb3 Nc3 $1
17. Rde1 Be6 18. Kb2 Nb5 19. Nd3 Nd7 20. Bxe6 Kxe6 21. a4 Nd6 22. c4 b6 $1 23.
c5 $1 bxc5 24. bxc5 Nb7 25. Nb3 $1 ({The pointe is} 25. c6 $2 Nbc5 $1 26. Nxc5+
Nxc5) 25... Nb8 26. Nb4 a5 $6 (26... c6 $1 27. a5 Nd7 28. Rc1 a6 {
defends properly.}) 27. c6 $1 Nd8 28. Nd5 $1 Ra7 29. Nc3 $1 Ra8 30. Nb5 Na6 31.
Nxa5 Kf6 $1 32. Ka3 $2 ({Better is} 32. Rc1 $1 Ne6 33. Nb7 {
and White has great chances.}) 32... Nc5 33. Rc1 Nde6 34. Rxc5 $1 Nxc5 35. Nxc7
Rxa5 36. Kb4 Rxa4+ $5 37. Kxc5 Ra2 38. Nd5+ Ke6 39. Nc7+ Kf6 40. Nd5+ Ke6 41.
Rc1 $1 {Kramnik makes an effort to win.} Rc8 $2 (41... Rb2 $1 42. c7 Kd7 $1 43.
Ra1 Rc8 44. Nb6+ Rxb6 45. Kxb6 Rxc7 46. Rd1+ Kc8 {
survives the attack in the centre.}) 42. c7 $1 Rxg2 43. Kc6 Rxh2 44. Kb7 Rxc7+
45. Rxc7 $1 f5 46. Rc6+ Kf7 47. exf5 Rf2 48. Rc7+ Kg8 ({Or} 48... Kf8 49. Kc6
Rxf3 50. Kd6 Rxf5 51. Ke6 {and White wins (Kramnik).}) 49. Kc6 Rxf3 50. Kd6 e4
51. f6 $1 e3 $5 52. Rxg7+ Kf8 53. Re7 h5 54. Rxe3 {Kramnik won a great endgame.
} 1-0

[Event "Biel"]
[Site "26 FIDE Interzonal"]
[Date "1993.07.21"]
[Round "6"]
[White "Salov, Valery"]
[Black "Gurevich, Mikhail"]
[Result "1-0"]
[WhiteElo "2685"]
[BlackElo "2605"]
[Annotator "JvR"]
[PlyCount "131"]
[EventDate "1993.07.??"]
[SourceDate "2013.10.27"]

1. c4 Nf6 2. Nc3 c5 3. Nf3 e6 4. g3 b6 5. Bg2 Bb7 6. O-O Be7 7. d4 cxd4 8. Qxd4
d6 9. b3 a6 10. Ba3 Nc6 11. Qf4 d5 12. Bxe7 Nxe7 13. Ne5 O-O 14. Rfd1 Qb8 15.
cxd5 Nexd5 16. Nxd5 exd5 17. Nd3 Re8 18. e3 a5 $6 (18... Qxf4 19. Nxf4 Rad8 {
drew in Sieg - Dankert, Germany 1989.}) 19. Rac1 Re7 $5 20. Qd4 $1 Qd6 21. Nf4
Rd8 $2 (21... Rd7 $5 22. e4 $1 Re8 23. Nxd5 Nxd5 24. exd5 Red8 {
blockades the extra pawn.}) 22. Nxd5 $1 Bxd5 23. Bxd5 {White has won a pawn.}
Red7 24. Bf3 Qxd4 25. Rxd4 Rxd4 26. exd4 Kf8 27. Rc6 $1 Rxd4 28. Rxb6 a4 29.
Rb8+ Ke7 30. Rb7+ Kf8 31. bxa4 Rxa4 32. Rb8+ Ke7 33. Ra8 $1 Rc4 $5 {
Exchange loses the game.} 34. Kg2 Nd7 35. Ra7 Kd6 36. Bd1 $5 f5 37. Bb3 Rb4 38.
Ra6+ Ke7 39. Rc6 Rb7 40. h4 Rb4 41. Rc7 Rd4 42. Ra7 Kd6 43. Kf1 Rd2 44. Ke1 Rb2
45. Ra6+ Kc7 46. Ra5 g6 47. Rd5 Nf6 48. Rd2 Rb1+ 49. Ke2 f4 $6 ({Preferable is
} 49... Ne4 $5) 50. Kf3 fxg3 51. fxg3 h6 (51... Rf1+ 52. Ke2 Rf5) 52. Rd1 $1
Rxd1 $5 ({Or} 52... Rb2 53. Rc1+ Kd6 54. Re1 $1 {(Ambroz).}) 53. Bxd1 g5 54.
Ke3 $1 gxh4 55. gxh4 Kd6 {
Black draws, if he exchanges his knight for the a-pawn.} 56. Kd4 Nd5 57. Bf3
Nf4 58. Ke4 Ng6 59. h5 Ne7 60. Be2 Nd5 61. Kf5 $1 Ke7 62. Ke5 Nf6 ({
Salov has calculated} 62... Nc3 63. Bc4 $1 Nxa2 64. Bxa2 Kf8 65. Kf6 {
and White just wins.}) 63. a4 $1 Nd7+ 64. Kf5 Nc5 65. a5 Ne6 ({
The last pointe is} 65... Nb3 66. a6 $1 Nd4+ 67. Kg6 Nxe2 68. a7) 66. a6 {
Salov won another subtle ending.} 1-0

[Event "Biel"]
[Site "26 FIDE Interzonal"]
[Date "1993.07.24"]
[Round "8"]
[White "Gelfand, Boris"]
[Black "Anand, Viswanathan"]
[Result "1-0"]
[WhiteElo "2670"]
[BlackElo "2725"]
[Annotator "JvR"]
[PlyCount "57"]
[EventDate "1993.07.??"]
[SourceDate "2013.10.27"]

1. d4 d5 2. c4 c6 3. Nc3 Nf6 4. e3 e6 5. Nf3 Nbd7 6. Bd3 dxc4 7. Bxc4 b5 8. Bd3
Bb7 9. a3 b4 10. Ne4 Nxe4 11. Bxe4 Qc7 12. axb4 $5 (12. O-O {
happened in Gelfand - Bareev, Linares 1993.}) 12... Bxb4+ 13. Bd2 Bxd2+ 14.
Nxd2 c5 15. Qc2 Qb6 16. dxc5 Qxc5 17. Qa4 $1 Rb8 $1 18. O-O ({Not} 18. Qxa7 $2
Ra8 $1 {(Kortschnoj).}) 18... O-O $1 19. Qxd7 Rfd8 20. Bxh7+ $1 Kxh7 $2 ({
Correct is} 20... Kf8 21. Qa4 Rxd2 {(Gelfand).}) 21. Qxf7 Rxd2 $2 (21... Bxg2
$1 22. Kxg2 Rxd2 23. Ra4 $1 Rb4 ({Gelfand suggests} 23... Qc6+ $2 {but} 24. Kh3
$1 Qxa4 25. Rg1 $1 {wins for White}) 24. Rxb4 Qxb4 25. Qxe6 Rd6 26. Qf5+ Rg6+ {
offers counter-play.}) 22. Ra4 $1 Qg5 23. g3 $1 e5 24. Rh4+ Qxh4 25. gxh4 Rd6
26. h5 Be4 27. Qe7 Rbb6 28. Qxe5 Re6 29. Qf4 {Gelfand defeated a great talent.}
1-0

[Event "Biel"]
[Site "26 FIDE Interzonal"]
[Date "1993.07.24"]
[Round "8"]
[White "Kramnik, Vladimir"]
[Black "Adams, Michael"]
[Result "0-1"]
[WhiteElo "2710"]
[BlackElo "2630"]
[Annotator "JvR"]
[PlyCount "94"]
[EventDate "1993.07.??"]
[SourceDate "2013.10.27"]

1. Nf3 Nf6 2. c4 b6 3. g3 c5 4. Bg2 Bb7 5. O-O g6 6. Nc3 Bg7 7. d4 cxd4 8. Qxd4
O-O 9. Qh4 d6 10. Bh6 Nbd7 11. b3 Rc8 12. Bxg7 Kxg7 13. Qd4 Kg8 14. Rac1 $5 Rc5
$1 15. b4 Rc8 16. a3 Re8 17. e4 Qc7 18. Nd5 Qb8 $5 19. Bh3 Rcd8 20. Nd2 Ba8 21.
Bg2 a6 22. Nb3 Rc8 23. f4 Rcd8 24. Kh1 Nh5 25. g4 $2 Nxf4 $1 26. Nxf4 e5 27.
Qf2 exf4 28. Qxf4 Ne5 {Black has a positional edge.} 29. Rc3 Qc7 $1 30. Nd2 Qe7
31. g5 Rc8 32. Rfc1 b5 33. h4 Bb7 34. Kh2 Rc6 35. cxb5 axb5 36. Bf1 $5 Rec8 $1
37. Rxc6 Rxc6 38. Rxc6 Bxc6 39. Nb3 $2 ({Correct is} 39. Kg2 Qe6 40. Nf3 Nxf3
41. Kxf3 Qb3+ 42. Kf2 {and White survives.}) 39... Qa7 $1 40. Na5 Bd7 $1 41.
Be2 Qd4 $1 42. Kg2 Qb2 43. Qf2 ({Or} 43. Qe3 Bg4 44. Kf1 Bxe2+ 45. Qxe2 Qxa3
46. Qxb5 Qf3+ {and Black wins.}) 43... Qxa3 44. Qf6 Qh3+ 45. Kf2 Qxh4+ 46. Ke3
h5 $1 47. Nb7 Qe1 {Adams has a decisive counteraction.} 0-1

[Event "Biel"]
[Site "26 FIDE Interzonal"]
[Date "1993.07.25"]
[Round "9"]
[White "Bareev, Evgeny"]
[Black "Gelfand, Boris"]
[Result "0-1"]
[WhiteElo "2660"]
[BlackElo "2670"]
[Annotator "JvR"]
[PlyCount "109"]
[EventDate "1993.07.??"]
[SourceDate "2013.10.27"]

1. d4 Nf6 2. c4 g6 3. Nc3 Bg7 4. e4 d6 5. Be2 O-O 6. Bg5 Na6 7. h4 e5 8. d5 h6
9. Be3 Nc5 10. Qc2 c6 11. h5 cxd5 12. cxd5 Bd7 $5 13. hxg6 fxg6 14. b4 Na6 15.
a3 h5 16. f3 Nh7 $6 ({More useful is} 16... Nc7) 17. Nb5 $1 Bxb5 18. Bxb5 Bf6
19. Nh3 Bh4+ 20. Ke2 Nc7 21. Bd3 Ne8 22. Rac1 Rf7 $5 23. Qd2 Nef6 24. Rc3 g5 $5
25. Rg1 $1 {Capture on g5 would be premature.} g4 26. g3 $1 gxf3+ 27. Kd1 Ng4
28. gxh4 Qxh4 {Black has sacrificed a piece for the attack.} 29. Bf1 Rg7 $1 30.
Bf2 Qf6 31. Rg3 Rf8 32. Ke1 Nh2 33. Bb5 $5 Kh8 34. Qc2 Rg4 35. Rxg4 $2 (35. Bd7
$1 Rxg3 36. Bxg3 {wins for White.}) 35... hxg4 36. Bg3 gxh3 37. Qxh2 Qg6 38.
Re3 Qg4 39. Bf2 $2 ({Better is} 39. Qf2 $1 Ng5 40. Bd3) 39... Ng5 $1 40. Qg3 $2
Qh5 $2 (40... Qf4 $1 {wins at once.}) 41. Qh2 Qg4 42. Bf1 Rf7 43. Kd1 $2 Rh7 $6
(43... Rc7 $1 44. Bd3 Qc8 $1 45. Kd2 Rc1 {wins for Black.}) 44. Bd3 $6 Qg2 $1
45. Bg3 ({The pointe is} 45. Qxg2 fxg2 46. Bg1 h2) 45... Rf7 46. Re1 f2 47.
Bxe5+ $5 dxe5 48. Qxe5+ Kh7 49. Rf1 h2 50. Kc2 h1=Q 51. Rxh1+ Qxh1 52. Qxg5
f1=Q 53. Bxf1 Rxf1 54. Qe7+ Kh6 55. Qe6+ {Gelfand came close to qualification.}
0-1

[Event "Biel"]
[Site "26 FIDE Interzonal"]
[Date "1993.07.25"]
[Round "9"]
[White "Kamsky, Gata"]
[Black "Yudasin, Leonid"]
[Result "1-0"]
[WhiteElo "2645"]
[BlackElo "2605"]
[Annotator "JvR"]
[PlyCount "67"]
[EventDate "1993.07.??"]
[SourceDate "2013.10.27"]

1. d4 Nf6 2. c4 e6 3. Nf3 b6 4. Nc3 Bb7 5. Bg5 h6 6. Bh4 Be7 7. e3 Ne4 8. Nxe4
Bxh4 9. Bd3 Be7 10. Qb3 $5 d6 11. h4 Nd7 12. O-O-O c6 $5 ({Best is} 12... O-O
$1 13. Kb1 c5) 13. g4 Qc7 14. Kb1 a6 {Black advances slowly.} 15. g5 c5 16. Qc3
Rg8 $5 17. Rhg1 hxg5 18. Nexg5 $1 {White threatens pawn f7.} cxd4 19. exd4 Bf6
$6 ({Preferable is} 19... Rf8 20. Rde1 O-O-O) 20. Qb3 Bxf3 21. Nxf3 Rh8 22. Rg4
Ke7 $5 23. Re1 b5 $2 (23... Rab8 24. Bf1 Rhc8 {manoeuvres the rooks.}) 24. cxb5
axb5 25. Ng5 $1 {An attack in the centre is better than the capture of a pawn.}
Bxg5 26. hxg5 g6 $5 27. Rge4 $5 Kd8 28. Bxb5 d5 29. R4e3 Rb8 30. Rc1 Qb6 31. a4
Qxd4 32. Qc2 $1 Qb6 33. Rc3 Rh4 34. Rc6 {Kamsky scored well.} 1-0

[Event "Biel"]
[Site "26 FIDE Interzonal"]
[Date "1993.07.28"]
[Round "11"]
[White "Bareev, Evgeny"]
[Black "Van der Sterren, Paul"]
[Result "0-1"]
[WhiteElo "2660"]
[BlackElo "2525"]
[Annotator "JvR"]
[PlyCount "123"]
[EventDate "1993.07.??"]
[SourceDate "2013.10.27"]

1. d4 Nf6 2. c4 e6 3. Nc3 d5 4. Nf3 Be7 5. Bf4 O-O 6. Qc2 c5 7. dxc5 Bxc5 8. a3
Nc6 9. O-O-O Qa5 10. Bd2 $5 {Bareev sets a little trap.} Qc7 11. cxd5 Ne7 $1 (
11... exd5 $6 12. Bg5 $1 d4 13. Bxf6 gxf6 14. Nd5 Qd6 {slightly favours White.}
) 12. Bg5 Nexd5 13. Nxd5 Nxd5 14. e4 Nb6 15. Kb1 Bd7 16. Rc1 Rfc8 $1 17. b4 ({
The pointe is} 17. Be7 $6 Na4 $1 18. Bxc5 Nxc5 19. b4 Qb6 $1) 17... Bd6 18. Qd3
Qb8 19. Rxc8+ Bxc8 20. Bf4 Bc7 $1 {Black defends perfectly.} 21. Be2 Bd7 22.
Bxc7 Qxc7 23. Rc1 Qd8 24. Ne5 Be8 25. Qxd8 Rxd8 26. Rc7 f6 27. Nc4 Bb5 $5 28.
Kc2 Rc8 29. Rxc8+ Nxc8 {The chances are equal.} 30. e5 $2 {
Bareev blunders a pawn.} fxe5 31. Kc3 Kf8 32. Bd3 Bxc4 $1 33. Kxc4 h6 34. a4
Ke7 35. a5 Kd7 36. Bc2 Nd6+ 37. Kd3 Nf5 38. Kc4 Nd6+ 39. Kd3 b6 40. axb6 axb6
41. Bd1 Ke7 42. g3 Ne8 43. Kc4 Nc7 44. h4 Kd6 45. Bc2 b5+ $1 {
He makes an effort to win.} 46. Kc3 Kd5 47. f3 Kd6 48. Bd3 Nd5+ 49. Kb3 Kc6 50.
Bg6 Ne7 51. Be8+ Kb6 52. g4 $1 Nd5 53. Bd7 Nf4 54. h5 $2 {
This weakening allows a decisive knight manoeuvre.} (54. Kc3 $1 Ne2+ 55. Kd3
Nd4 56. Ke4 Kc7 57. Kxe5 $1 Nxf3+ 58. Kxe6 {(Van der Sterren)} Nxh4 {draws.})
54... Ne2 $1 55. Kc2 Kc7 $1 56. Be8 Kd6 57. Kd3 Nd4 $1 58. Ke3 Kd5 $1 59. Kd3
Nxf3 60. Bxb5 Nh2 $1 61. Ba6 Nxg4 {Paul wins another pawn.} 62. Bb7+ {
Van der Sterren was close to qualification.} 0-1

[Event "Biel"]
[Site "26 FIDE Interzonal"]
[Date "1993.07.28"]
[Round "11"]
[White "Lautier, Joel"]
[Black "Piket, Jeroen"]
[Result "1-0"]
[WhiteElo "2620"]
[BlackElo "2590"]
[Annotator "JvR"]
[PlyCount "95"]
[EventDate "1993.07.??"]
[SourceDate "2013.10.27"]

1. c4 g6 2. d4 Bg7 3. Nc3 d6 4. e4 Nf6 5. f3 O-O 6. Be3 b6 7. Qd2 c5 8. d5 Re8
9. Nge2 e6 10. Ng3 exd5 11. cxd5 Ba6 12. Nb5 $5 ({Known is} 12. Bxa6 Nxa6 13.
O-O {(Ostermeyer - Yrjola, Gausdal 1984).}) 12... Bb7 13. Be2 a6 14. Nc3 Nbd7
15. a4 Rc8 $5 16. O-O h5 17. Bh6 c4 $5 18. Bxg7 Kxg7 19. Rf2 Qc7 20. Nf1 Qc5
21. Ne3 Ne5 22. Nc2 $5 Rc7 23. Nd4 Bc8 24. Na2 $5 Neg4 $3 {
Piket charges unexpectedly.} 25. fxg4 $1 Nxe4 26. Qe3 $6 (26. b4 $1 Nxd2 $1 27.
bxc5 dxc5 28. Nc6 hxg4 29. Bxg4 $1 Bxg4 30. Rxd2 {gains a plus.}) 26... Nxf2
27. Qxf2 Rce7 28. Nc3 Re3 $1 29. Rd1 hxg4 $2 (29... Bxg4 $1 30. Bxg4 hxg4 {
favours Black.}) 30. Bf1 Bd7 $2 {Time pressure starts.} ({Better is} 30... Bf5
31. Nxf5+ gxf5) 31. Nc2 R3e5 $5 32. Qxc5 bxc5 33. Na3 $1 Re1 34. Rxe1 Rxe1 35.
Nxc4 $6 (35. Kf2 $1 Rc1 36. Nxc4 {wins for White (Lautier).}) 35... Bf5 36. Nd2
Rc1 37. Kf2 Kf8 $5 38. Bxa6 Rc2 39. Ke3 Rxb2 40. Bc4 Bc8 41. Bb3 $1 c4 $5 42.
Bxc4 Rc2 43. Nb5 Ke7 44. a5 f5 45. Na7 Bb7 $2 46. a6 $1 Ba8 47. Nc8+ Kd8 48.
Nb6 {Lautier would qualify by a win in the last round.} 1-0

[Event "Biel"]
[Site "26 FIDE Interzonal"]
[Date "1993.07.28"]
[Round "11"]
[White "Portisch, Lajos"]
[Black "Kramnik, Vladimir"]
[Result "0-1"]
[WhiteElo "2585"]
[BlackElo "2710"]
[Annotator "JvR"]
[PlyCount "84"]
[EventDate "1993.07.??"]
[SourceDate "2013.10.27"]

1. d4 d5 2. c4 c6 3. cxd5 cxd5 4. Nf3 Nf6 5. Nc3 Nc6 6. Bf4 Ne4 7. e3 Nxc3 8.
bxc3 g6 9. Be2 Bg7 10. O-O O-O 11. c4 dxc4 12. Bxc4 Bf5 $5 ({The alternative is
} 12... Bg4) 13. Rc1 Rc8 14. Qe2 a6 15. h3 $5 Na5 16. Bd3 Bxd3 17. Qxd3 Qd7 18.
Rc3 b5 $1 19. Rfc1 Nc4 20. Qe2 Nb6 $1 21. Rc7 $5 Qe6 22. Bg5 $6 ({Preferable is
} 22. R1c5) 22... Nd5 23. R7c5 $6 {Exchange is better.} h6 $1 24. Bh4 b4 $1 {
Black attacks on the queenside.} 25. Qb2 $5 Nc3 $1 26. Rxc8 Rxc8 27. Kh1 Kh7 $3
{He threatens ..Na4!} 28. Ra1 a5 29. Qb3 $2 Qxb3 30. axb3 {
Black wins the endgame.} g5 31. Bg3 a4 $1 32. Nd2 ({Or} 32. bxa4 b3 33. Nd2 b2
34. Re1 {(Kramnik)} Ne4 $1) 32... a3 33. Rc1 e5 $1 34. d5 a2 35. Ra1 e4 36. d6
Ra8 37. Nc4 Nb5 38. Be5 Nxd6 $1 39. Rxa2 $5 Rxa2 40. Bxd6 Rxf2 41. Bxb4 Rf1+
42. Kh2 Rb1 {Kramnik would qualify.} 0-1

[Event "Biel"]
[Site "26 FIDE Interzonal"]
[Date "1993.07.29"]
[Round "12"]
[White "Yudasin, Leonid"]
[Black "Shirov, Alexei"]
[Result "1-0"]
[WhiteElo "2605"]
[BlackElo "2685"]
[Annotator "JvR"]
[PlyCount "91"]
[EventDate "1993.07.??"]
[SourceDate "2013.10.27"]

1. e4 c5 2. Nf3 d6 3. d4 cxd4 4. Nxd4 Nf6 5. Nc3 Nc6 6. Bg5 e6 7. Bb5 Bd7 8.
Bxc6 bxc6 9. Qf3 Qb6 10. Nb3 Be7 11. e5 dxe5 12. O-O-O a5 13. Rhe1 $5 ({
Known is} 13. Bxf6 gxf6 14. Ne4) 13... a4 14. Nd2 h6 $2 15. Nc4 $2 ({
They miss the tactics} 15. Bxf6 $1 gxf6 16. Nce4 f5 17. Nd6+ $1 Bxd6 18. Nc4)
15... Qb4 16. Bxf6 gxf6 17. Qd3 Rd8 18. a3 Qb8 19. Ne4 Kf8 $1 20. Qf3 f5 21.
Ned6 e4 $1 22. Rxe4 $1 Bc8 ({Not} 22... fxe4 $4 23. Qxf7#) 23. Red4 c5 24. R4d2
Ba6 25. Qc3 $1 Rg8 $2 ({Better is} 25... Rh7) 26. g3 $2 (26. Ne5 $1 Bxd6 {
(Yudasin)} 27. Rxd6 $1 Rxd6 28. Qxc5 {wins for White.}) 26... Qc7 27. Kb1 h5
28. h4 f4 $2 ({Right is} 28... Bxc4 29. Nxc4 Rxd2 30. Rxd2 f4 {(Boensch).}) 29.
gxf4 Bxc4 30. Nxc4 Rxd2 31. Qxd2 Bxh4 32. f5 $1 {White charges.} Bg5 33. Qe2
exf5 34. Qxh5 Qe7 35. Nd6 $1 f4 36. Qf3 Qe6 37. Ne4 Qe5 38. Nc3 Rg6 39. Nxa4
Ra6 40. Nc3 Bf6 41. Qb7 Re6 42. Qd5 Qc7 43. Ne4 Bd4 44. f3 Kg7 45. c3 Be3 46.
Nd6 {Yudasin qualified.} 1-0

[Event "Biel"]
[Site "26 FIDE Interzonal"]
[Date "1993.07.31"]
[Round "13"]
[White "Portisch, Lajos"]
[Black "Polgar, Judit"]
[Result "1/2-1/2"]
[WhiteElo "2585"]
[BlackElo "2630"]
[Annotator "JvR"]
[PlyCount "77"]
[EventDate "1993.07.??"]
[SourceDate "2013.10.27"]

{The Hungarians Lajos Portisch and Judit Polgar met in the last round. They
fought for their last chance} 1. d4 Nf6 2. c4 g6 3. Nc3 Bg7 4. e4 d6 5. f3 O-O
6. Be3 c5 7. Nge2 Nc6 8. d5 Ne5 9. Ng3 e6 10. Be2 exd5 11. cxd5 a6 12. a4 Bd7
13. f4 Neg4 14. Bd2 h5 15. h3 h4 $5 {Judit sharpens the game.} (15... Nh6 {
was played in Topalov - Romero Holmes, Mesa 1992.}) 16. hxg4 hxg3 17. e5 $5 (
17. g5 $1 Nh7 18. Bd3 {achieves an edge.}) 17... dxe5 18. fxe5 Re8 $1 {
Polgar increases the pressure again.} 19. Bf4 ({The pointe is} 19. exf6 $2 Qxf6
20. Rf1 Qd4 $1) 19... b5 $5 20. axb5 Bxb5 $5 21. Bxb5 $5 axb5 22. Rxa8 Qxa8 23.
O-O Nd7 24. Bxg3 Nxe5 25. Nxb5 c4 $5 26. Nd6 Rd8 $6 ({Preferable is} 26... Re7
27. Bxe5 Rxe5 28. Nxf7 Rxd5) 27. Bxe5 Bxe5 28. Nxf7 Rxd5 29. Qc2 $6 (29. Qe2 $1
Qc6 $1 30. Nxe5 Qc5+ 31. Kh2 Rxe5 32. Qf3 {plays for a win.}) 29... Bd4+ 30.
Kh1 Qc6 $1 31. g5 Rd7 32. Nh6+ Kg7 33. Qe2 Rb7 34. Rf4 c3 $1 35. bxc3 Qxc3 36.
Qf1 Qa1 $1 37. Qxa1 Bxa1 38. g3 Bc3 39. Ng4 {Both players were out of the race.
The final standings became: Gelfand 9/13, Kamsky, Khalifman, Van der Sterren,
Lautier, Yudasin, Kramnik, Salov and Adams 81/2, Anand 8, Shirov, Epishin,
Ivanchuk, I.Sokolov and Lputian 8, Portisch, M.Gurevich, Sveshnikov, Polgar
and Abramovic 71/2, etc. The top ten qualified for the candidates matches.
Timman and Jussupow joined them. When three candidates were left after two
rounds of matches, Karpov joined them. He remained the FIDE champion at the
end.} 1/2-1/2